000
002340000a22000970004500
100
1
_a
Bray, Gerald
245
1
0
_a
Hope for Europe
300
_a
Vol. 6, Núm 1 (1997), Páginas 9-19
773
0
_t
European Journal of Theology
942
_c
ANA
999
_c
54029
_d
54029